| 000 | 00748nam a2200229 a 4500 | ||
|---|---|---|---|
| 008 | |||
| 049 | _aMAIN | ||
| 090 | _aHV801 HOP | ||
| 110 | 1 | _aUNICEF | |
| 245 | 1 | 0 |
_aHope never dries up - facing the challenges: _ba situational assessment of children in Zimbabwe 2002 update/ _cUNICEF |
| 260 |
_aHarare, : _bUNICEF _c2003. |
||
| 300 |
_a136 p. : _bill. ; _c30 cm. |
||
| 500 | _a(28337-9) and(28340-1) for MEDICAL SCHOOL | ||
| 500 | _a(28332-6)for Faculty of Architecture Library | ||
| 500 | _aIncludes bibliographical references. | ||
| 650 |
_aChildren _xZimbabwe |
||
| 907 |
_a.b10192578 _b25-11-08 _c16-02-06 |
||
| 003 | |||
| 005 | 20230123124918.0 | ||
| 040 | _cNUST | ||
| 942 |
_cBOOKS _kHV801 HOP |
||
| 999 |
_c132450 _d132450 |
||